00339nam a2200109Ia 4500008004000000020001800040082001500058100002000073245007800093260005000171300000800221210210b1998 xxu||||| |||| 00| 0 eng d a0 7432 2637 2 a925.1 NASB aNASAR (Sylvia). aBeautiful mind: life of mathematical genius and Nobel Laureate John Nash. aNew YorkbSimon and Schuster Paperbacksc1998 a619